[Event "Xtracon Grandmaster "]
[Site "Koge"]
[Date "2013.10.16"]
[Round "3"]
[White "Korley, Kassa"]
[Black "Olsen, Michael Richard W"]
[Result "1-0"]
[WhiteElo "2329"]
[BlackElo "1967"]
[PlyCount "39"]
[EventDate "2013.10.14"]
[EventType "swiss"]
[EventRounds "9"]
[EventCountry "DEN"]
[Source "ChessBase"]
[SourceDate "2013.11.20"]

1. d4 c5 2. d5 Nf6 3. c4 Qc7 4. Nc3 a6 5. e4 e5 6. f4 exf4 7. Nf3 Ng4 8. Bd3
Be7 9. O-O f6 10. Nh4 f3 11. Nxf3 Bd6 12. e5 Bxe5 13. Nxe5 Nxe5 14. Qh5+ Kd8
15. Bg5 Rf8 16. Ne4 d6 17. Nxf6 gxf6 18. Rxf6 Rxf6 19. Bxf6+ Kd7 20. Bf5# 1-0

[Event "Xtracon Grandmaster "]
[Site "Koge"]
[Date "2013.10.16"]
[Round "3"]
[White "Lund, Silas"]
[Black "Christophersen, David"]
[Result "1-0"]
[WhiteElo "2416"]
[BlackElo "1811"]
[PlyCount "41"]
[EventDate "2013.10.14"]
[EventType "swiss"]
[EventRounds "9"]
[EventCountry "DEN"]
[Source "ChessBase"]
[SourceDate "2013.11.20"]

1. d4 Nf6 2. c4 g6 3. Nc3 Bg7 4. e4 d6 5. h3 O-O 6. Nf3 c6 7. Be2 Nbd7 8. Be3
Qc7 9. O-O Re8 10. Rb1 a6 11. b4 b5 12. Qb3 e5 13. d5 bxc4 14. Bxc4 c5 15. Nd2
cxb4 16. Qxb4 a5 17. Nb5 Qb7 18. Qxd6 Bf8 19. Qc6 Re7 20. Nc7 Qxc6 21. dxc6 1-0

[Event "Xtracon Grandmaster "]
[Site "Koge"]
[Date "2013.10.16"]
[Round "3"]
[White "Moller, Arne"]
[Black "Bengtsson, Tage"]
[Result "0-1"]
[WhiteElo "1847"]
[BlackElo "2099"]
[PlyCount "46"]
[EventDate "2013.10.14"]
[EventType "swiss"]
[EventRounds "9"]
[EventCountry "DEN"]
[Source "ChessBase"]
[SourceDate "2013.11.20"]

1. e4 c5 2. Nf3 Nf6 3. Nc3 Nc6 4. d4 d5 5. exd5 Nxd5 6. Nxd5 Qxd5 7. c4 Qe4+ 8.
Be3 cxd4 9. Nxd4 e5 10. Nxc6 Qxc6 11. a3 Be7 12. Qh5 O-O 13. Bd3 f5 14. O-O e4
15. Be2 f4 16. Bd4 f3 17. Bd1 Rf5 18. Qg4 Rg5 19. Qf4 Rxg2+ 20. Kh1 Bg5 21. Qe5
Bf6 22. Qc5 Qd7 23. Bxf6 Rxh2+ 0-1

[Event "Xtracon Grandmaster "]
[Site "Koge"]
[Date "2013.10.16"]
[Round "3"]
[White "Molvig, Henrik"]
[Black "Fransson, Pia"]
[Result "1-0"]
[WhiteElo "2162"]
[BlackElo "1558"]
[PlyCount "45"]
[EventDate "2013.10.14"]
[EventType "swiss"]
[EventRounds "9"]
[EventCountry "DEN"]
[Source "ChessBase"]
[SourceDate "2013.11.20"]

1. d4 Nf6 2. c4 g6 3. Nc3 Bg7 4. e4 d6 5. Nf3 O-O 6. Be2 c5 7. d5 e6 8. O-O Re8
9. Nd2 Na6 10. f4 exd5 11. cxd5 Nc7 12. a4 b6 13. Kh1 Ba6 14. Re1 Bxe2 15. Rxe2
Ng4 16. Qe1 Bd4 17. h3 Bxc3 18. bxc3 Nxd5 19. exd5 Rxe2 20. Qxe2 Qh4 21. Nf3
Nf2+ 22. Kh2 Ng4+ 23. Kg1 1-0

[Event "Xtracon Grandmaster "]
[Site "Koge"]
[Date "2013.10.16"]
[Round "3"]
[White "Molvig, Julius"]
[Black "Hoi, Carsten"]
[Result "0-1"]
[WhiteElo "1893"]
[BlackElo "2393"]
[PlyCount "104"]
[EventDate "2013.10.14"]
[EventType "swiss"]
[EventRounds "9"]
[EventCountry "DEN"]
[Source "ChessBase"]
[SourceDate "2013.11.20"]

1. d4 Nf6 2. c4 c5 3. d5 d6 4. Nf3 g6 5. Nc3 Bg7 6. e4 O-O 7. Be2 e5 8. O-O Nh5
9. Re1 Nf4 10. Bf1 Nd7 11. g3 Nh5 12. Bg2 a6 13. Qc2 h6 14. Qe2 Qe8 15. Nh4 Qe7
16. Nf3 Rb8 17. a4 Nhf6 18. Rf1 Ne8 19. Ne1 f5 20. f4 exf4 21. Bxf4 g5 22. Be3
Ne5 23. exf5 Nxc4 24. Qxc4 Qxe3+ 25. Kh1 Bxf5 26. Rd1 Nc7 27. a5 Qe7 28. Nd3
Qd7 29. Rde1 Kh8 30. Nf2 Nb5 31. Nxb5 axb5 32. Qc1 Rbe8 33. Qd2 Rxe1 34. Rxe1
Re8 35. Re2 c4 36. Qe1 Re5 37. Re3 Qe7 38. Rxe5 Qxe5 39. Qf1 Qxb2 40. Nd1 Qe5
41. Qf2 b4 42. Ne3 Qa1+ 43. Bf1 Bd3 44. Kg2 Bxf1+ 45. Nxf1 Qb2 46. Ne3 Qxf2+
47. Kxf2 Bd4 48. Ke2 Bxe3 49. Kxe3 b3 50. Kd2 b2 51. Kc2 c3 52. g4 Kg7 0-1

[Event "Xtracon Grandmaster "]
[Site "Koge"]
[Date "2013.10.16"]
[Round "3"]
[White "Nielsen, Jens Holm"]
[Black "Rozentalis, Eduardas"]
[Result "0-1"]
[WhiteElo "1844"]
[BlackElo "2616"]
[PlyCount "72"]
[EventDate "2013.10.14"]
[EventType "swiss"]
[EventRounds "9"]
[EventCountry "DEN"]
[Source "ChessBase"]
[SourceDate "2013.11.20"]

1. d4 Nf6 2. Nf3 d6 3. Bf4 g6 4. c3 Bg7 5. e3 O-O 6. Nbd2 Nbd7 7. Be2 Qe8 8.
O-O e5 9. Bg3 Nh5 10. Ne1 Nxg3 11. hxg3 f5 12. Qa4 f4 13. gxf4 exf4 14. e4 Kh8
15. Nef3 Qe7 16. Qb5 h6 17. e5 dxe5 18. dxe5 g5 19. e6 Qxe6 20. Bd3 Qb6 21. Qc4
Nc5 22. Nd4 Nxd3 23. Qxd3 c5 24. N4f3 Bf5 25. Qc4 Rad8 26. Ne4 Qc6 27. Rfe1 b5
28. Qxc5 Bxe4 29. Qxc6 Bxc6 30. Nd4 Bxd4 31. cxd4 Rfe8 32. Re5 Rxd4 33. Rxe8+
Bxe8 34. Re1 Bf7 35. Re7 Bxa2 36. Rxa7 Bc4 0-1

[Event "Xtracon Grandmaster "]
[Site "Koge"]
[Date "2013.10.16"]
[Round "3"]
[White "Nielsen, Kai Gylling"]
[Black "Nilssen, John Arni"]
[Result "0-1"]
[WhiteElo "1809"]
[BlackElo "2360"]
[PlyCount "82"]
[EventDate "2013.10.14"]
[EventType "swiss"]
[EventRounds "9"]
[EventCountry "DEN"]
[Source "ChessBase"]
[SourceDate "2013.11.20"]

1. e4 c5 2. Nf3 e6 3. d4 cxd4 4. Nxd4 a6 5. Bd3 Qc7 6. Nc3 b5 7. a3 Bb7 8. O-O
Nf6 9. Bg5 h6 10. Bh4 Qb6 11. Nf3 Nc6 12. Qd2 d6 13. Rfe1 g5 14. Bg3 Nh5 15.
Rad1 g4 16. Nh4 Nxg3 17. hxg3 Ne5 18. Bf1 Be7 19. Qd4 Qxd4 20. Rxd4 Rc8 21. f4
gxf3 22. Nxf3 Ng4 23. e5 Nxe5 24. Nxe5 dxe5 25. Rd3 Bc5+ 26. Kh2 Bd4 27. Re2
Bxc3 28. bxc3 e4 29. Rd6 Rxc3 30. Red2 O-O 31. a4 bxa4 32. Bxa6 Bd5 33. Rd4 a3
34. Ra4 a2 35. Rxd5 exd5 36. Bb7 e3 37. Rxa2 e2 38. Ra1 Re8 39. Re1 Re5 40.
Bxd5 Rxd5 41. Rxe2 Rg5 0-1

[Event "Xtracon Grandmaster "]
[Site "Koge"]
[Date "2013.10.16"]
[Round "3"]
[White "Nielsen, Peter Heine"]
[Black "Jorgensen, Mikkel"]
[Result "1-0"]
[WhiteElo "2649"]
[BlackElo "1866"]
[PlyCount "55"]
[EventDate "2013.10.14"]
[EventType "swiss"]
[EventRounds "9"]
[EventCountry "DEN"]
[Source "ChessBase"]
[SourceDate "2013.11.20"]

1. e4 e5 2. Nf3 Nc6 3. Bb5 Nf6 4. d3 d6 5. O-O Be7 6. c3 O-O 7. Nbd2 a6 8. Ba4
b5 9. Bc2 Bg4 10. h3 Bd7 11. d4 exd4 12. cxd4 Re8 13. a3 Bf8 14. Re1 g6 15. Nf1
Bg7 16. Ng3 Ne7 17. Bg5 h6 18. Be3 g5 19. Nh2 Qc8 20. h4 Bg4 21. Nxg4 Nxg4 22.
hxg5 Nxe3 23. Rxe3 hxg5 24. Qh5 Qe6 25. Qxg5 Qg6 26. Qxg6 Nxg6 27. Nf5 Bf6 28.
Bb3 1-0

[Event "Xtracon Grandmaster "]
[Site "Koge"]
[Date "2013.10.16"]
[Round "3"]
[White "Ottesen, Soren Rud"]
[Black "Nielsen, Lars Aaes"]
[Result "0-1"]
[WhiteElo "1757"]
[BlackElo "2268"]
[PlyCount "58"]
[EventDate "2013.10.14"]
[EventType "swiss"]
[EventRounds "9"]
[EventCountry "DEN"]
[Source "ChessBase"]
[SourceDate "2013.11.20"]

1. e4 e6 2. d4 d5 3. Nc3 Bb4 4. e5 c5 5. a3 Bxc3+ 6. bxc3 Ne7 7. Qg4 Qc7 8.
Qxg7 Rg8 9. Qxh7 cxd4 10. Qd3 Qxc3+ 11. Qxc3 dxc3 12. Bb5+ Bd7 13. Bxd7+ Nxd7
14. Bf4 Ng6 15. Bg3 Ngxe5 16. Ne2 Rc8 17. Nd4 a6 18. O-O Rc4 19. Rfd1 Rg4 20.
Ne2 Nc6 21. f3 Rg8 22. Bf2 Nde5 23. Rab1 Nxf3+ 24. Kh1 Nd2 25. Rxb7 Ne4 26. Bg1
Rg5 27. Nd4 Nxd4 28. Rxd4 Rxd4 29. Bxd4 e5 0-1

[Event "Xtracon Grandmaster "]
[Site "Koge"]
[Date "2013.10.16"]
[Round "3"]
[White "Pawlak, Wojciech Zbignew"]
[Black "Percivaldi, Martin"]
[Result "0-1"]
[WhiteElo "1681"]
[BlackElo "2191"]
[PlyCount "86"]
[EventDate "2013.10.14"]
[EventType "swiss"]
[EventRounds "9"]
[EventCountry "DEN"]
[Source "ChessBase"]
[SourceDate "2013.11.20"]

1. d4 d5 2. c4 c6 3. Nf3 Nf6 4. Nc3 a6 5. cxd5 cxd5 6. Bg5 Nc6 7. h3 Bf5 8. e3
e6 9. Bd3 Bxd3 10. Qxd3 Be7 11. O-O O-O 12. a3 h6 13. Bh4 Rc8 14. b4 a5 15. b5
Nb8 16. Rfc1 Nbd7 17. a4 Nb6 18. Ne5 Nfd7 19. Bxe7 Qxe7 20. Nxd7 Qxd7 21. Ne2
Nc4 22. Rc2 f5 23. Rac1 Qd6 24. f3 Rf7 25. Nf4 Rfc7 26. Ne2 Qb4 27. Nf4 Qd6 28.
Ne2 g6 29. e4 Kg7 30. Qb3 b6 31. e5 Qe7 32. f4 Kf7 33. Kh2 Ke8 34. Qg3 Qg7 35.
Qb3 Kd7 36. Ng1 g5 37. g3 Rg8 38. Ne2 Rcc8 39. Qf3 Qf7 40. Qd3 Qe7 41. Qb3 Qb4
42. Qxb4 axb4 43. Rb1 Na3 0-1

[Event "Xtracon Grandmaster "]
[Site "Koge"]
[Date "2013.10.16"]
[Round "3"]
[White "Pedersen, Hans Dahl"]
[Black "Larsen, Preben R"]
[Result "1-0"]
[WhiteElo "2187"]
[BlackElo "1821"]
[PlyCount "123"]
[EventDate "2013.10.14"]
[EventType "swiss"]
[EventRounds "9"]
[EventCountry "DEN"]
[Source "ChessBase"]
[SourceDate "2013.11.20"]

1. c4 Nf6 2. g3 e6 3. Bg2 d5 4. Nf3 c6 5. d4 Bb4+ 6. Bd2 Qe7 7. O-O Bxd2 8.
Nbxd2 Nbd7 9. Qc2 b6 10. e4 dxe4 11. Nxe4 Nxe4 12. Qxe4 Bb7 13. Ne5 Nxe5 14.
Qxe5 O-O 15. Rfe1 Qf6 16. Qe3 Rfd8 17. Rad1 h6 18. Rd2 Rd7 19. Red1 Rad8 20. h4
Rd6 21. c5 R6d7 22. Be4 Ba8 23. b4 b5 24. Bg2 Bb7 25. f4 Kf8 26. Kf2 Ba8 27.
Qe5 Qxe5 28. fxe5 g6 29. Ke3 Bb7 30. g4 Kg7 31. Be4 Ba8 32. Rd3 Bb7 33. Ra3 Ra8
34. Ra5 a6 35. a4 Rdd8 36. Ra1 Kf8 37. Rf1 Kg7 38. Kd3 Rd7 39. Kc3 Rad8 40. Rd1
Rc8 41. Rd2 Ra8 42. axb5 axb5 43. Rxa8 Bxa8 44. Ra2 Bb7 45. Ra7 Kf8 46. Bd3 Ke7
47. Bc2 Kd8 48. Bd3 Kc8 49. Be4 Kd8 50. Bg2 Ke7 51. Be4 Kd8 52. Ra1 Kc7 53. Rf1
Bc8 54. Rf6 Re7 55. h5 gxh5 56. gxh5 Bd7 57. Rxh6 Re8 58. Rh7 Rg8 59. h6 Rg3+
60. Bd3 f5 61. exf6 Kd8 62. Rh8+ 1-0

[Event "Xtracon Grandmaster "]
[Site "Koge"]
[Date "2013.10.16"]
[Round "3"]
[White "Petersen, Henry"]
[Black "Preuss, Flemming"]
[Result "0-1"]
[WhiteElo "1405"]
[BlackElo "1980"]
[PlyCount "75"]
[EventDate "2013.10.14"]
[EventType "swiss"]
[EventRounds "9"]
[EventCountry "DEN"]
[Source "ChessBase"]
[SourceDate "2013.11.20"]

1. e4 e5 2. Nf3 d6 3. d4 Nd7 4. Bc4 Be7 5. dxe5 Nxe5 6. Nxe5 dxe5 7. O-O Nf6 8.
Nc3 c6 9. Bg5 Qc7 10. Bxf6 Bxf6 11. Qf3 O-O 12. Rfd1 b5 13. Bb3 a5 14. a4 b4
15. Ne2 Qe7 16. c3 Rb8 17. c4 Be6 18. Ba2 g6 19. b3 Rbd8 20. Ng3 h5 21. Qe3 Rd4
22. Rxd4 exd4 23. Qd3 Be5 24. Rf1 h4 25. Ne2 g5 26. Nxd4 Rd8 27. Nxc6 Rxd3 28.
Nxe7+ Kf8 29. Nc6 Bc7 30. Bb1 Rxb3 31. Rd1 Bxc4 32. Ba2 Rd3 33. Rxd3 Bxd3 34.
Bb3 Bxe4 35. Nd4 Bb6 36. Nb5 Ke7 37. Bxf7 Bc2 38. Bc4 0-1

[Event "Xtracon Grandmaster "]
[Site "Koge"]
[Date "2013.10.16"]
[Round "3"]
[White "Pondal, Jesper"]
[Black "Danielsen, Henrik"]
[Result "0-1"]
[WhiteElo "2031"]
[BlackElo "2501"]
[PlyCount "56"]
[EventDate "2013.10.14"]
[EventType "swiss"]
[EventRounds "9"]
[EventCountry "DEN"]
[Source "ChessBase"]
[SourceDate "2013.11.20"]

1. d4 d6 2. Nf3 g6 3. g3 Nf6 4. Bg2 Bg7 5. O-O O-O 6. Nbd2 Nc6 7. c3 e5 8. dxe5
dxe5 9. e4 a5 10. Qc2 Be6 11. Ng5 Bd7 12. Nb3 Qe7 13. Be3 Ng4 14. Bd2 a4 15.
Nc1 Na5 16. h3 Nf6 17. b3 Rfd8 18. c4 Nc6 19. Bc3 Nd4 20. Qb1 h6 21. Nf3 Nxf3+
22. Bxf3 Bxh3 23. Re1 Ng4 24. Nd3 Rd7 25. Bg2 Bxg2 26. Kxg2 Rad8 27. Nb4 Rd2
28. Rf1 Ne3+ 0-1

[Event "Xtracon Grandmaster "]
[Site "Koge"]
[Date "2013.10.16"]
[Round "3"]
[White "Prosviriakov, Vladimir"]
[Black "Christensen, Casper"]
[Result "1-0"]
[WhiteElo "2300"]
[BlackElo "1977"]
[PlyCount "45"]
[EventDate "2013.10.14"]
[EventType "swiss"]
[EventRounds "9"]
[EventCountry "DEN"]
[Source "ChessBase"]
[SourceDate "2013.11.20"]

1. d4 e6 2. e4 c5 3. d5 d6 4. Nc3 g6 5. Bb5+ Bd7 6. a4 a6 7. Bc4 Nf6 8. Bg5 Bg7
9. f4 Qc7 10. Nf3 Ng4 11. Qd2 Qb6 12. e5 dxe5 13. O-O f6 14. Bh4 Bh6 15. a5 Qc7
16. dxe6 Bc6 17. Rae1 Bxf4 18. Qd3 g5 19. h3 gxh4 20. hxg4 Rg8 21. e7 Rxg4 22.
Qxh7 Qxe7 23. Qh5+ 1-0

[Event "Xtracon Grandmaster "]
[Site "Koge"]
[Date "2013.10.16"]
[Round "3"]
[White "Rendboe, John Filip"]
[Black "Petrovski, Petruli"]
[Result "1-0"]
[WhiteElo "2214"]
[BlackElo "1864"]
[PlyCount "69"]
[EventDate "2013.10.14"]
[EventType "swiss"]
[EventRounds "9"]
[EventCountry "DEN"]
[Source "ChessBase"]
[SourceDate "2013.11.20"]

1. d4 Nf6 2. c4 e6 3. Nc3 c5 4. d5 exd5 5. cxd5 d6 6. g3 g6 7. Bg2 Bg7 8. Nf3
O-O 9. O-O Re8 10. Re1 Ne4 11. Nxe4 Rxe4 12. Nd2 Re8 13. a4 b6 14. Qc2 Na6 15.
Nc4 Nb4 16. Qd1 Ba6 17. Ne3 Bb7 18. Rb1 Rb8 19. Bd2 a5 20. Bc3 Ba6 21. Qd2 Qd7
22. b3 Re7 23. h3 f5 24. Bxg7 Kxg7 25. Bf3 Rbe8 26. Ng2 h6 27. Nf4 g5 28. Ne6+
Kg6 29. g4 Nxd5 30. gxf5+ Kxf5 31. e4+ Kg6 32. exd5 Qb7 33. Qc2+ Kf6 34. Qc3+
Kg6 35. Be4+ 1-0

[Event "Xtracon Grandmaster "]
[Site "Koge"]
[Date "2013.10.16"]
[Round "3"]
[White "Rendlev, Niels Moller"]
[Black "Gade, Jens"]
[Result "0-1"]
[WhiteElo "1818"]
[BlackElo "1619"]
[PlyCount "62"]
[EventDate "2013.10.14"]
[EventType "swiss"]
[EventRounds "9"]
[EventCountry "DEN"]
[Source "ChessBase"]
[SourceDate "2013.11.20"]

1. e4 c5 2. d4 cxd4 3. c3 e6 4. Nf3 Nf6 5. e5 Nd5 6. Nxd4 d6 7. Nf3 dxe5 8.
Nxe5 Be7 9. Bb5+ Nd7 10. O-O O-O 11. Nxd7 Bxd7 12. Bxd7 Qxd7 13. Qf3 Rad8 14.
Rd1 Qc7 15. g3 Nf6 16. Nd2 Rd7 17. Nb3 Rxd1+ 18. Qxd1 Rd8 19. Qe2 b6 20. Bf4
Qc8 21. h4 Nd5 22. Bg5 Bxg5 23. hxg5 Ne7 24. Kg2 Qc6+ 25. Qf3 Qd5 26. Qxd5 Rxd5
27. f4 Nf5 28. g4 Ne3+ 29. Kg3 Rd3 30. Kf3 Nc2+ 31. Ke4 Re3# 0-1

[Event "Xtracon Grandmaster "]
[Site "Koge"]
[Date "2013.10.16"]
[Round "3"]
[White "Smidt Nielsen, Henrik"]
[Black "Bekker Jensen, David"]
[Result "0-1"]
[WhiteElo "1953"]
[BlackElo "2321"]
[PlyCount "98"]
[EventDate "2013.10.14"]
[EventType "swiss"]
[EventRounds "9"]
[EventCountry "DEN"]
[Source "ChessBase"]
[SourceDate "2013.11.20"]

1. Nf3 Nf6 2. d4 g6 3. c4 Bg7 4. Nc3 O-O 5. e4 d6 6. Be2 Na6 7. O-O e5 8. d5
Nc5 9. Bg5 a5 10. Nd2 Qd7 11. Be3 Ne8 12. Nb3 b6 13. Nxc5 bxc5 14. Qd2 Qe7 15.
f3 f5 16. Qe1 f4 17. Bf2 h5 18. Kh1 g5 19. g3 Rf7 20. Rg1 Kh8 21. Rd1 Nf6 22.
gxf4 gxf4 23. Bh4 Ba6 24. Rd2 Rg8 25. Bf1 Qd7 26. Rdg2 Nh7 27. Qf2 Bc8 28. Qe1
Qe8 29. Rg6 Rff8 30. Nb5 Bg4 31. R6xg4 hxg4 32. Rxg4 Qf7 33. Bh3 Ra8 34. Rg1
Bf6 35. Rxg8+ Rxg8 36. Be6 Qh5 37. Bxf6+ Nxf6 38. Bxg8 Qxf3+ 39. Kg1 Qg4+ 40.
Kh1 Kxg8 41. Qg1 Qxg1+ 42. Kxg1 Nxe4 43. Nxc7 Kf7 44. b3 Nd2 45. Nb5 e4 46.
Nxd6+ Kf6 47. h4 e3 48. Nb5 f3 49. Nc3 f2+ 0-1

[Event "Xtracon Grandmaster "]
[Site "Koge"]
[Date "2013.10.16"]
[Round "3"]
[White "Sorensen, Dick"]
[Black "Semcesen, Daniel"]
[Result "0-1"]
[WhiteElo "1974"]
[BlackElo "2490"]
[PlyCount "90"]
[EventDate "2013.10.14"]
[EventType "swiss"]
[EventRounds "9"]
[EventCountry "DEN"]
[Source "ChessBase"]
[SourceDate "2013.11.20"]

1. d4 d5 2. Nf3 Nf6 3. c4 c6 4. e3 Bg4 5. cxd5 cxd5 6. Nc3 Nc6 7. Be2 e6 8. O-O
Bd6 9. h3 Bh5 10. Nh2 Bg6 11. f4 Ne4 12. Nxe4 Bxe4 13. Bf3 O-O 14. Bxe4 dxe4
15. Ng4 Ne7 16. Qb3 Qb6 17. Qxb6 axb6 18. a3 f5 19. Nf2 Rfc8 20. Nd1 Nd5 21.
Rb1 b5 22. Bd2 b4 23. axb4 Bxb4 24. Bxb4 Nxb4 25. Nc3 Nd3 26. d5 exd5 27. Nxd5
Rc5 28. Nc3 g6 29. Ne2 Rc2 30. Nd4 Rd2 31. Rfd1 Rxd1+ 32. Rxd1 Ra2 33. b4 Kf7
34. b5 Ke7 35. Rb1 Kd6 36. g4 fxg4 37. hxg4 Nf2 38. g5 Ng4 39. Rb3 Kd5 40. f5
Nxe3 41. Rxe3 Kxd4 42. Rh3 e3 43. Rxh7 Ra1+ 44. Kg2 e2 45. Rd7+ Kc5 0-1

[Event "Xtracon Grandmaster "]
[Site "Koge"]
[Date "2013.10.16"]
[Round "3"]
[White "Stuhr, Finn"]
[Black "Nielsen, Bjorn"]
[Result "1-0"]
[WhiteElo "1726"]
[BlackElo "1431"]
[PlyCount "97"]
[EventDate "2013.10.14"]
[EventType "swiss"]
[EventRounds "9"]
[EventCountry "DEN"]
[Source "ChessBase"]
[SourceDate "2013.11.20"]

1. e4 e5 2. Nf3 Nc6 3. Bb5 Nge7 4. c3 a6 5. Bc4 d5 6. Bb3 Be6 7. O-O Ng6 8. Re1
Qd7 9. d4 O-O-O 10. dxe5 Ngxe5 11. Nxe5 Nxe5 12. exd5 Bxd5 13. Bc2 f6 14. Qd4
Nc6 15. Qf4 Bd6 16. Qh4 h6 17. Qh5 Bf7 18. Qf3 Be5 19. Rd1 Qe7 20. Bd3 Qe8 21.
Be3 Kb8 22. Na3 Bh5 23. g4 Bg6 24. Bxg6 Qxg6 25. Nc4 h5 26. h3 hxg4 27. hxg4
Bh2+ 28. Kg2 Rde8 29. Rh1 Be5 30. Rad1 Rxh1 31. Rxh1 Qf7 32. Qe2 g5 33. Rd1 Bf4
34. Qd3 Bxe3 35. Nxe3 Ne5 36. Qf5 Ng6 37. Qc5 Nf4+ 38. Kf3 c6 39. Qd6+ Kc8 40.
b3 Ng6 41. Nc4 Nh4+ 42. Kg3 Qc7 43. Nb6+ Qxb6 44. Qd7+ Kb8 45. Qxe8+ Ka7 46.
Qe7 c5 47. Rd6 Ng6 48. Qxf6 Qxd6+ 49. Qxd6 1-0

[Event "Xtracon Grandmaster "]
[Site "Koge"]
[Date "2013.10.16"]
[Round "3"]
[White "Stuhr, Peter Sebastian"]
[Black "Smith, Axel"]
[Result "0-1"]
[WhiteElo "1939"]
[BlackElo "2460"]
[PlyCount "64"]
[EventDate "2013.10.14"]
[EventType "swiss"]
[EventRounds "9"]
[EventCountry "DEN"]
[Source "ChessBase"]
[SourceDate "2013.11.20"]

1. e4 c5 2. Nc3 a6 3. a4 Nc6 4. f4 e6 5. Bc4 Nf6 6. e5 d5 7. exd6 Bxd6 8. d3
O-O 9. Nf3 Qc7 10. Ne2 e5 11. O-O exf4 12. Ng5 Bg4 13. h3 Bh5 14. Qd2 Bxe2 15.
Qxe2 Nd4 16. Qf2 Rae8 17. Ne4 Nxe4 18. dxe4 g5 19. c3 Nc6 20. Qe2 Kg7 21. h4 h6
22. Qg4 Ne5 23. Qf5 Nxc4 24. hxg5 Re6 25. Bxf4 Bxf4 26. Rxf4 Ne3 27. gxh6+ Rxh6
28. Qg5+ Rg6 29. Rxf7+ Rxf7 30. Qxe3 Qg3 31. Qd2 Rh6 32. Rd1 Qh2# 0-1

[Event "Xtracon Grandmaster "]
[Site "Koge"]
[Date "2013.10.16"]
[Round "3"]
[White "Ulibin, Mikhail"]
[Black "Svensson, Soren"]
[Result "1-0"]
[WhiteElo "2523"]
[BlackElo "2015"]
[PlyCount "71"]
[EventDate "2013.10.14"]
[EventType "swiss"]
[EventRounds "9"]
[EventCountry "DEN"]
[Source "ChessBase"]
[SourceDate "2013.11.20"]

1. d4 Nf6 2. c4 e6 3. Nc3 d5 4. cxd5 exd5 5. Bg5 Be7 6. e3 O-O 7. Bd3 Nbd7 8.
Nf3 Re8 9. O-O c6 10. Qc2 Nf8 11. h3 Be6 12. Ne5 N6d7 13. Bxe7 Qxe7 14. f4 f6
15. Nf3 Nb6 16. Rae1 Rad8 17. a3 Qc7 18. b4 a6 19. a4 Re7 20. a5 Nc8 21. Na4
Nd6 22. Nc5 Bc8 23. g4 Rde8 24. Kf2 g5 25. Qc1 h6 26. Kg2 Kg7 27. Rf2 Ng6 28.
Bxg6 Kxg6 29. Nh2 Ne4 30. Nxe4 Rxe4 31. fxg5 hxg5 32. Nf1 Qe7 33. Ng3 Rxe3 34.
Rxe3 Qxe3 35. Qc2+ f5 36. Re2 1-0

[Event "Xtracon Grandmaster "]
[Site "Koge"]
[Date "2013.10.16"]
[Round "3"]
[White "Vovk, Oksana"]
[Black "Hein, Jacob"]
[Result "1-0"]
[WhiteElo "2132"]
[BlackElo "1459"]
[PlyCount "59"]
[EventDate "2013.10.14"]
[EventType "swiss"]
[EventRounds "9"]
[EventCountry "DEN"]
[Source "ChessBase"]
[SourceDate "2013.11.20"]

1. d4 Nf6 2. c4 c5 3. d5 b5 4. Qc2 b4 5. a3 e6 6. e4 exd5 7. cxd5 Qe7 8. Bd3
Nxd5 9. Ne2 Nc7 10. axb4 Nc6 11. bxc5 Nb4 12. Qd1 Nxd3+ 13. Qxd3 Qxc5 14. Nbc3
Qc6 15. O-O Bd6 16. Nd4 Bxh2+ 17. Kxh2 Qd6+ 18. Qg3 Qxd4 19. Qxc7 O-O 20. Be3
Qf6 21. Rxa7 Rxa7 22. Qxa7 Qc6 23. Qc5 Qf6 24. Bg5 Qg6 25. Nd5 Qh5+ 26. Kg1 Ba6
27. Ra1 Re8 28. Nf4 Rc8 29. Rxa6 Qd1+ 30. Kh2 1-0

[Event "Xtracon Grandmaster "]
[Site "Koge"]
[Date "2013.10.17"]
[Round "4"]
[White "Jensen, Jens Amstrup"]
[Black "Molvig, Julius"]
[Result "0-1"]
[WhiteElo "1646"]
[BlackElo "1893"]
[PlyCount "64"]
[EventDate "2013.10.14"]
[EventType "swiss"]
[EventRounds "9"]
[EventCountry "DEN"]
[Source "ChessBase"]
[SourceDate "2013.11.20"]

1. Nf3 d5 2. d4 Nf6 3. c4 e6 4. cxd5 exd5 5. Nc3 c6 6. Bg5 Be7 7. e3 Bf5 8. Be2
h6 9. Bf4 Nbd7 10. h3 O-O 11. O-O Re8 12. Nd2 Nf8 13. Bf3 Ne6 14. Re1 Nxf4 15.
exf4 Bd6 16. g4 Bd7 17. f5 a5 18. Nf1 Qc7 19. Qc2 b5 20. Rac1 Qb6 21. Qd3 Rxe1
22. Rxe1 Re8 23. Rxe8+ Nxe8 24. h4 Be7 25. Ne3 Bxh4 26. Bd1 Bf6 27. Ne2 Nd6 28.
f3 Bc8 29. Bc2 Ba6 30. Qd2 b4 31. Kg2 Bxe2 32. Qxe2 Qxd4 0-1

[Event "Xtracon Grandmaster "]
[Site "Koge"]
[Date "2013.10.17"]
[Round "4"]
[White "Antonsen, Mikkel"]
[Black "Hansen, Lars Henrik Bech"]
[Result "1-0"]
[WhiteElo "2449"]
[BlackElo "2073"]
[PlyCount "75"]
[EventDate "2013.10.14"]
[EventType "swiss"]
[EventRounds "9"]
[EventCountry "DEN"]
[Source "ChessBase"]
[SourceDate "2013.11.20"]

1. d4 g6 2. e4 d6 3. c4 Nf6 4. Nc3 Bg7 5. f3 O-O 6. Nge2 e5 7. Bg5 Nc6 8. d5
Ne7 9. Qd2 c6 10. g4 cxd5 11. cxd5 Qb6 12. Ng3 Bd7 13. h4 Rfc8 14. h5 Qd4 15.
Bd3 b5 16. Be3 Qb4 17. hxg6 hxg6 18. g5 Nh7 19. Kf1 f5 20. gxf6 Nxf6 21. Kg2
Rf8 22. Rh2 Rf7 23. Nxb5 Qxd2+ 24. Bxd2 Bxb5 25. Bxb5 Rb8 26. a4 a6 27. Bxa6
Rxb2 28. Kh1 Nh7 29. Rf1 Bf6 30. Bc1 Rb3 31. Rb2 Rxb2 32. Bxb2 Bh4 33. Ne2 g5
34. a5 Ng6 35. Bc8 Rc7 36. Rc1 Rxc1+ 37. Bxc1 Bf2 38. Ba3 1-0

[Event "Xtracon Grandmaster "]
[Site "Koge"]
[Date "2013.10.17"]
[Round "4"]
[White "Bekker Jensen, David"]
[Black "Olsen, Michael Richard W"]
[Result "1-0"]
[WhiteElo "2321"]
[BlackElo "1967"]
[PlyCount "95"]
[EventDate "2013.10.14"]
[EventType "swiss"]
[EventRounds "9"]
[EventCountry "DEN"]
[Source "ChessBase"]
[SourceDate "2013.11.20"]

1. d4 b5 2. e4 Bb7 3. f3 a6 4. Be3 d5 5. e5 e6 6. f4 Nh6 7. Bf2 g5 8. Qh5 gxf4
9. Nh3 Qe7 10. c3 Nf5 11. Nxf4 Ng7 12. Qh3 Qg5 13. Nd3 Nd7 14. Be2 Be7 15. Nd2
h5 16. a4 O-O-O 17. axb5 axb5 18. Nf3 Qh6 19. Bh4 Bxh4+ 20. Nxh4 c6 21. O-O
Rhf8 22. Nf4 Qg5 23. g3 Rde8 24. Nf3 Qh6 25. Bd3 Kb8 26. Rae1 Bc8 27. b3 Rg8
28. Qg2 Bb7 29. Qe2 Nf5 30. Bxf5 Qxf4 31. Bh3 h4 32. g4 Qh6 33. Nd2 Rg7 34. b4
Reg8 35. Kh1 Kc7 36. Rf3 Ra8 37. Nb3 Kd8 38. Na5 Ra7 39. Qf2 Ke8 40. Rf1 Qh7
41. Rg1 Ba8 42. Bf1 Nf8 43. Bd3 Qh6 44. Rh3 Ng6 45. Bxg6 Rxg6 46. Rxh4 Qg7 47.
Qf4 f5 48. exf6 1-0